[Event "NCC"]
[Site "Philadelphia USA"]
[Date "2001.11.25"]
[Round "5"]
[White "Kaufman,La"]
[Black "De Fotis,Ga"]
[Result "1-0"]
[WhiteElo "2413"]
[BlackElo "2233"]

1.Nf3 Nf6 2.c4 g6 3.Nc3 c5 4.g3 Nc6 5.d4 cxd4 6.Nxd4 Bg7 7.Bg2 O-O 8.O-O Nxd4
9.Qxd4 d6 10.Qd3 a6 11.Bd2 Rb8 12.Rac1 Ng4 13.b3 b5 14.cxb5 axb5 15.Nd5 Bf5
16.e4 Ne5 17.Qe2 Bg4 18.f3 Bd7 19.Qe3 Nc6 20.Bc3 b4 21.Bxg7 Kxg7 22.Rfd1 Re8
23.h4 h6 24.Kh2 Rb7 25.Rc2 Qa5 26.Qd2 e5 27.Rc4 Ra8 28.Ra1 Qa7 29.f4 Nd4
30.fxe5 dxe5 31.Qf2 f5 32.exf5 gxf5 33.Nxb4 Nxb3 34.Qxa7 Rbxa7 35.Re1 Nd2
36.Rc2 Rb8 37.Rxd2 Rxb4 38.Rxe5 Kf6 39.Rc5 Rb6 40.Bd5 Be6 41.Rf2 Bxd5 42.Rxd5 Raa6
43.Rfxf5+ Kg7 44.Kh3 Rxa2 45.Kg4 Raa6 46.Kh5 Ra3 47.g4 Rba6 48.Rfe5 Rb6 49.Re8 Rc6
50.Rdd8 Rc5+ 51.g5 hxg5 52.hxg5 Rca5 53.Rg8+ Kh7 54.Rh8+ Kg7 55.Rdg8+ Kf7
56.Kh6 Ra6+ 57.g6+ Kf6 58.Rf8+ Ke5 59.Rf1 Ra2 60.Re8+ Kd5 61.Rd1+ Kc5 62.Rc8+ Kb4
63.Rb1+ Ka4 64.Rc4+ Ka3 65.Rc3+ Ka4 66.Rh3 Rc6 67.Rg1 Rd2 68.Kh7 Rd7+ 69.g7 Rc8
70.Rg5 Rb7 71.Rh4+ Ka3 72.Rg3+  1-0

[Event "ch-ROM"]
[Site "Targoviste ROM"]
[Date "2001.11.25"]
[Round "2"]
[White "Grunberg,M"]
[Black "Ionescu,Co"]
[Result "1/2-1/2"]
[WhiteElo "2472"]
[BlackElo "2481"]

1.c4 Nf6 2.Nc3 e6 3.Nf3 c5 4.g3 b6 5.Bg2 Bb7 6.O-O a6 7.d4 cxd4 8.Nxd4 Bxg2
9.Kxg2 Be7 10.e4 d6 11.Be3 O-O 12.Rc1 Qc8 13.b3 Qb7 14.f3 Nbd7 15.Qd2 Rac8
16.Rfd1  1/2-1/2

[Event "ch-ITA"]
[Site "Montecatini Terme ITA"]
[Date "2001.11.28"]
[Round "8"]
[White "Vismara,D"]
[Black "Tatai,S"]
[Result "1-0"]
[WhiteElo "2365"]
[BlackElo "2352"]

1.Nf3 c5 2.c4 Nf6 3.Nc3 g6 4.d4 Bg7 5.e4 O-O 6.Be2 d6 7.O-O cxd4 8.Nxd4 Nc6
9.Be3 Bd7 10.Qd2 Qa5 11.Nb3 Qc7 12.Rac1 Rad8 13.f3 Qb8 14.Rfd1 Be6 15.Bf1 Rfe8
16.Qf2 b6 17.h3 Nd7 18.Nd5 Nc5 19.Nd4 Nxd4 20.Bxd4 a5 21.Bxg7 Kxg7 22.Re1 Bd7
23.Qh4 f6 24.f4 Bc6 25.Re3 Nd7 26.Qf2 e6 27.Nc3 Nc5 28.Rce1 Qb7 29.b3 e5
30.f5 g5 31.Qc2 Re7 32.a3 Na6 33.Rb1 Nc7 34.Rd1 Be8 35.Kh2 Bf7 36.Rd2 Red7
37.Be2 Qc6 38.Red3 Na6 39.Qb2 Nc5 40.Re3 a4 41.Nxa4 Nxa4 42.bxa4 Qxa4 43.Qxb6 Bxc4
44.Bxc4 Qxc4 45.Rd5 Kf7 46.Re1 Ke7 47.Qe3 h5 48.Rc1 Qa4 49.Rc3 Qa7 50.Qe2 Rh8
51.Qa2 Qa8 52.Rxe5+ Kf8 53.Qe6 Qd8 54.Ra5 Kg7 55.Ra8  1-0

[Event "ch-GER"]
[Site "Altenkirchen GER"]
[Date "2001.12.02"]
[Round "3"]
[White "Espig,L"]
[Black "Levin,F"]
[Result "1/2-1/2"]
[WhiteElo "2411"]
[BlackElo "2531"]

1.Nf3 Nf6 2.c4 c5 3.Nc3 d5 4.cxd5 Nxd5 5.g3 Nc6 6.Bg2 Nc7 7.a3 g6 8.d3 Bg7
9.Bd2 O-O 10.Rb1 Bf5 11.b3 Qd7 12.O-O Rac8 13.Qc1 Nd4 14.Re1 Bg4 15.Ng5 Ncb5
16.f3 Nxc3 17.Bxc3 Bf5 18.g4 Be6 19.e3 Nxb3 20.Qb2 Bxc3 21.Qxc3 c4 22.dxc4 Nc5
23.Red1 Qc7 24.Nxe6 Nxe6 25.f4 b6 26.Rbc1 Nc5 27.h4 Rfd8 28.h5 Rxd1+ 29.Rxd1 Rd8
30.Rd5 Rxd5 31.cxd5 gxh5 32.gxh5 h6 33.Bf3 Qd7 34.Kg2  1/2-1/2

[Event "TCh-BEL 2001-2"]
[Site "Belgium BEL"]
[Date "2001.12.09"]
[Round "4"]
[White "Gouret,T"]
[Black "Gommers,R"]
[Result "1/2-1/2"]
[WhiteElo "2286"]
[BlackElo "2338"]

1.c4 c5 2.Nf3 Nf6 3.Nc3 b6 4.g3 Bb7 5.Bg2 g6 6.O-O Bg7 7.d4 cxd4 8.Qxd4 O-O
9.Qh4 d6 10.Bh6 Nbd7 11.Rac1 Rc8 12.b3 Rc5 13.Bxg7 Kxg7 14.b4 Rc8 15.Qd4 Qc7
16.Nd2 Bxg2 17.Kxg2 Ne5 18.Nce4 Nxe4 19.Nxe4 Kg8 20.Nd2 Qc6+ 21.Kg1 Qa4 22.Qb2 Qa6
23.Qd4 Qxa2 24.f4 Ng4 25.Ra1 Qc2 26.Rxa7 e6 27.h3 Nh6 28.g4  1/2-1/2

[Event "Friendship GM"]
[Site "Prerove CZE"]
[Date "2001.12.11"]
[Round "8"]
[White "Cvek,R"]
[Black "Stocek,J"]
[Result "0-1"]
[WhiteElo "2418"]
[BlackElo "2518"]

1.Nf3 Nf6 2.c4 c5 3.Nc3 e6 4.g3 b6 5.Bg2 Bb7 6.O-O Be7 7.Re1 d6 8.e4 a6 9.d4 cxd4
10.Nxd4 Qc7 11.Be3 Nbd7 12.Rc1 Rc8 13.f4 O-O 14.f5 e5 15.Nb3 Qb8 16.Qe2 h6
17.a4 Rfe8 18.Nd5 Bd8 19.Ra1 Bc6 20.Nd2 b5 21.cxb5 Bxd5 22.exd5 Bb6 23.Nc4 Bxe3+
24.Nxe3 axb5 25.a5 e4 26.Ng4 Nxg4 27.Qxg4 Nf6 28.Qe2 Nxd5 29.Qd2 Nf6 30.a6 d5
31.a7 Qb6+ 32.Qf2 e3 33.Qf4 Ra8 34.Ra3 Rxa7 35.Raxe3  0-1

[Event "SO-ON"]
[Site "Groningen NED"]
[Date "2001.12.22"]
[Round "1"]
[White "Werle,J"]
[Black "Afek,Y"]
[Result "1/2-1/2"]
[WhiteElo "2459"]
[BlackElo "2369"]

1.Nf3 c5 2.c4 Nf6 3.Nc3 g6 4.g3 Bg7 5.Bg2 Nc6 6.d4 O-O 7.O-O d6 8.d5 Na5
9.Nd2 Rb8 10.Qc2 e6 11.a4 a6 12.b3 b5 13.axb5 axb5 14.dxe6 Bxe6 15.Nxb5 d5
16.Rd1 Qb6 17.Ba3 Rfe8 18.e4 Nxb3 19.Nxb3 dxc4 20.Nxc5 Qxb5 21.Rab1 Qa5 22.Rxb8 Rxb8
23.Nxe6 Qxa3 24.Nxg7 Qb3 25.Rc1 Qxc2 26.Rxc2 Rb1+ 27.Bf1 Kxg7 28.Rxc4 Ng4
29.h3 Nh2 30.Kxh2 Rxf1 31.Kg2 Re1 32.g4 h6 33.h4 Kf6 34.f4 Re3 35.e5+ Ke7
36.Rc7+ Kf8 37.h5 g5 38.fxg5 hxg5 39.Rc5 Kg7 40.e6 f6 41.Rc7+ Kh6 42.e7 Re4
43.Kf3 Re5 44.Rc6 Kg7 45.Rc7 Kh6 46.Kf2 Re4 47.e8=Q Rxe8 48.Rf7 Re6 49.Kf3 Ra6
50.Ke4 Ra4+ 51.Kf3  1/2-1/2

[Event "SO-ON"]
[Site "Groningen NED"]
[Date "2001.12.22"]
[Round "1"]
[White "Koster,R"]
[Black "Michiels,B"]
[Result "1/2-1/2"]
[WhiteElo "2285"]
[BlackElo "2159"]

1.Nf3 c5 2.c4 Nf6 3.Nc3 d5 4.cxd5 Nxd5 5.g3 Nc6 6.Bg2 Nc7 7.d3 e5 8.Nd2 Bd7
9.a4 Be7 10.Nc4 O-O 11.O-O f6 12.f4 exf4 13.gxf4 Be6 14.Kh1 Qd7 15.Rg1 f5
16.a5 Rad8 17.Qa4 Nd5 18.Bd2 Bf6 19.Nxd5 Bxd5 20.Bc3 Nd4 21.Qxd7 Rxd7 22.Bxd5+ Rxd5
23.Rg2 Rd7 24.Ra4 Nb5 25.Be5 Bxe5 26.Nxe5 Rd4 27.Rc4 Rxc4 28.Nxc4 Rd8 29.Rg1 Rd4
30.Rf1 Nc7 31.Kg2 Kf7 32.e3 Rd8 33.Kf3 Kf6 34.Ne5 g5 35.Rc1 Ne6 36.Rc4 gxf4
37.exf4 Rd4 38.Rxd4 Nxd4+ 39.Ke3 Ke6 40.Nc4 Nc6 41.Kd2 Nd4 42.Ke3 Nc6 43.Kd2 Nb4
44.Ke3 Nc6 45.Kd2  1/2-1/2

[Event "TCh-BEL 2001-2"]
[Site "Belgium BEL"]
[Date "2001.12.23"]
[Round "5"]
[White "Aglave,A"]
[Black "Van den Brande,W"]
[Result "0-1"]
[WhiteElo "2060"]
[BlackElo "2250"]

1.c4 c5 2.Nf3 Nf6 3.Nc3 e6 4.g3 b6 5.Bg2 Bb7 6.O-O a6 7.b3 d6 8.Bb2 Be7 9.d4 cxd4
10.Qxd4 Nbd7 11.Rad1 Qc7 12.e4 O-O 13.Rfe1 Rad8 14.Qe3 Rfe8 15.Nd4 Bf8 16.Qc1 Rc8
17.Qb1 Qb8 18.Nc2 Qa8 19.Ne3 Nc5 20.Nf1 Red8 21.h3 Bc6 22.Na4 Nxa4 23.bxa4 Nd7
24.a5 bxa5 25.Bc3 Nc5 26.Bxa5 Rb8 27.Qc2 Rdc8 28.Rc1 Rb7 29.Rb1 Rxb1 30.Qxb1 Rb8
31.Qc2 Qb7 32.Bc3 Na4 33.Ba1 Qb4 34.Nd2 Nc5 35.Rb1 Qxd2 36.Qxd2 Rxb1+ 37.Kh2 Rxa1
38.Qb2 Re1  0-1

[Event "TSGM December"]
[Site "Belgrade YUG"]
[Date "2001.12.23"]
[Round "9"]
[White "Nikcevic,N"]
[Black "Zivanic,M"]
[Result "1/2-1/2"]
[WhiteElo "2462"]
[BlackElo "2411"]

1.c4 c5 2.Nf3 Nf6 3.Nc3 e6 4.e4 Nc6 5.Be2 d5 6.e5 Ne4 7.O-O Be7 8.Qc2 Nxc3
9.dxc3 Qc7 10.Bf4 dxc4 11.Bxc4 b6 12.Rfe1 Bb7 13.Rad1 Rd8 14.Bd3 h6 15.Bg3 O-O
16.Qe2 Nb8 17.Nd2 Qc6 18.Be4 Qc8 19.Bb1 Qc6 20.Ne4 Rxd1 21.Qxd1 Rd8 22.Qc2 Nd7
23.f3 Nf8 24.c4 Qd7 25.Nd6 Bc6 26.Rd1 Qc7 27.Qd2 f5 28.Qe2 Ng6 29.Bc2 Rd7
30.Re1 Qd8 31.Rd1 Nh8 32.b4 Nf7 33.b5 Ba8 34.Nxf7 Kxf7 35.Rxd7 Qxd7 36.Qd3 Qxd3
37.Bxd3 Bb7 38.Be1  1/2-1/2

[Event "Christmas Open"]
[Site "Zurich SUI"]
[Date "2001.12.27"]
[Round "2"]
[White "Pelletier,Y"]
[Black "Loetscher,R"]
[Result "1-0"]
[WhiteElo "2545"]
[BlackElo "2253"]

1.Nf3 c5 2.c4 Nf6 3.Nc3 g6 4.d4 cxd4 5.Nxd4 Nc6 6.Nc2 Bg7 7.e4 O-O 8.Be2 d6
9.O-O a6 10.Be3 Rb8 11.Rb1 Be6 12.a4 Nd7 13.f4 Nc5 14.Nd4 Nxd4 15.Bxd4 Bxd4+
16.Qxd4 Nb3 17.Qd1 Qb6+ 18.Kh1 f6 19.f5 Bf7 20.fxg6 hxg6 21.Nd5 Bxd5 22.exd5 Nc5
23.Bd3 Kg7 24.Bxg6 Kxg6 25.Qg4+ Kf7 26.Qh5+ Kg7 27.Rf4  1-0

[Event "Christmas Open"]
[Site "Zurich SUI"]
[Date "2001.12.27"]
[Round "3"]
[White "Goldstern,F"]
[Black "Tukmakov,V"]
[Result "1/2-1/2"]
[WhiteElo "2384"]
[BlackElo "2572"]

1.Nf3 Nf6 2.c4 c5 3.Nc3 d5 4.cxd5 Nxd5 5.d4 Nxc3 6.bxc3 g6 7.e3 Bg7 8.Bd3 O-O
9.O-O Qc7 10.a4 Rd8 11.Ba3 b6 12.Be4 Bb7 13.Bxb7 Qxb7 14.Qb3 cxd4 15.cxd4 Nc6
16.Rac1 Rac8 17.Qb5 e6 18.Rc4 Na5 19.Rcc1 a6 20.Qe2 b5 21.Rb1 Nc4 22.Bc5 Qc6
23.Rb3 e5 24.axb5 axb5 25.Rfb1 Rb8 26.h3 h6 27.Qe1 e4 28.Nh2 Rb7 29.Nf1 Be5
30.Rc1 Bc7 31.Qe2 Ra8 32.Qc2 Ra4 33.Nd2 Nxd2 34.Qxd2 Qd5 35.Qb2 b4 36.Qc2 Ba5
37.Rcb1 Rb8 38.R3b2 Qc6 39.Qc4 b3 40.Qe2 Qd5 41.Qd1 Bc7 42.g4 Rc4 43.Rxb3 Rxb3
44.Qxb3 Rxc5 45.dxc5 Qe5 46.Kf1 Qh2 47.c6 Qxh3+ 48.Ke2 Qxg4+ 49.Kf1 Qh3+
50.Ke2 Qf3+ 51.Kf1 h5 52.Qb8+ Bxb8 53.Rxb8+ Kg7 54.c7 Qd1+ 55.Kg2 Qg4+ 56.Kf1 Qd1+  1/2-1/2

[Event "North American Open"]
[Site "Las Vegas USA"]
[Date "2001.12.28"]
[Round "4"]
[White "Vigorito,D"]
[Black "Gurevich,D"]
[Result "0-1"]
[WhiteElo "2333"]
[BlackElo "2554"]

1.Nf3 Nf6 2.c4 c5 3.Nc3 b6 4.d4 cxd4 5.Nxd4 Bb7 6.Bg5 a6 7.Bxf6 gxf6 8.e4 e6
9.Bd3 Qc7 10.O-O Bc5 11.Nde2 Nc6 12.a3 Ne5 13.b4 Be7 14.Rc1 Rc8 15.Ng3 h5
16.f4 h4 17.Nh1 Nxd3 18.Qxd3 Qxc4 19.Qe3 Qb3 20.Qxb6 Rxc3 21.Rxc3 Qxc3 22.Qxb7 Qe3+
23.Rf2 Qxa3 24.Qc8+ Bd8 25.Qc5 a5 26.Rc2 axb4 27.Nf2 Bb6 28.Qc8+ Ke7 29.Qc4 b3
30.Rc1 Rb8 31.e5 f5  0-1

[Event "Christmas Open"]
[Site "Zurich SUI"]
[Date "2001.12.29"]
[Round "5"]
[White "Goldstern,F"]
[Black "Schmid,Mi"]
[Result "1-0"]
[WhiteElo "2384"]
[BlackElo "2238"]

1.Nf3 Nf6 2.c4 e6 3.Nc3 c5 4.g3 b6 5.Bg2 Bb7 6.O-O Be7 7.d4 cxd4 8.Qxd4 O-O
9.e4 d6 10.b3 a6 11.Bb2 Qc7 12.Qe3 Nbd7 13.Nd4 Rfd8 14.Rad1 Bf8 15.Qe2 Rac8
16.Rd2 Qb8 17.f4 Qa8 18.Re1 g6 19.Qd1 Nc5 20.Rde2 Bg7 21.b4 Ncd7 22.Qd3 Ne5
23.fxe5 dxe5 24.Na4 Qa7 25.c5 bxc5 26.Nxc5 exd4 27.e5 Nd5 28.a3 Bc6 29.Bxd4 Bb5
30.Qe4 Bxe2 31.Nxe6 Nc3 32.Nxd8 Nxe4 33.Bxa7 Nc3 34.Nc6 Rc7 35.Bd4 Bb5 36.Bxc3 Bxc6
37.Bxc6 Rxc6 38.Re3 Kf8 39.Kf2 Ke7 40.Ke2 Ke6 41.Kd3 Rc8 42.Re4 Rd8+ 43.Kc4 Rc8+
44.Kb3 Kf5 45.Rf4+ Ke6 46.Rc4 Rxc4 47.Kxc4 Bxe5 48.Bxe5 Kxe5 49.Kc5 f5 50.a4 Ke6
51.Kc6 Ke7 52.Kd5 Kd7 53.Ke5 Kc6 54.h4  1-0

[Event "SO-ON"]
[Site "Groningen NED"]
[Date "2001.12.30"]
[Round "8"]
[White "Werle,J"]
[Black "Michiels,B"]
[Result "1/2-1/2"]
[WhiteElo "2459"]
[BlackElo "2159"]

1.Nf3 c5 2.c4 Nf6 3.Nc3 d5 4.cxd5 Nxd5 5.d4 cxd4 6.Qxd4 Nxc3 7.Qxc3 Nc6 8.e4 Bd7
9.Be2 e5 10.O-O Bb4 11.Qb3 Be6 12.Bc4 Bxc4 13.Qxc4 Qe7 14.a3 Bc5 15.b4 Bb6
16.Rd1 O-O 17.Bg5 Qe8 18.Rac1 Rc8 19.Qd5 a6 20.h3 h6 21.Bh4 Nd4 22.Nxd4 Bxd4
23.Qxb7 Rxc1 24.Rxc1 Qa4 25.Rc6 Qxa3 26.Rxa6 Qc1+ 27.Kh2 Qd2 28.Rd6 Qb2 29.Qe7 Rb8
30.Rd7 Qa2 31.Qd6 Rb6 32.Rd8+ Kh7 33.Qf8 Kg6 34.Qh8 Qd2 35.Bg3 Qg5 36.h4 Qf6
37.Rb8 Bxf2 38.Bxf2 Qxf2 39.Rxb6+ Qxb6 40.Qc8 Kh7 41.Qf5+ Kg8 42.Qc8+ Kh7
43.Qf5+  1/2-1/2

[Event "Open"]
[Site "Trinec CZE"]
[Date "2002.01.02"]
[Round "9"]
[White "Luch,M"]
[Black "Sikora,J"]
[Result "1/2-1/2"]
[WhiteElo "2130"]
[BlackElo "2191"]

1.Nf3 Nf6 2.c4 c5 3.Nc3 g6 4.g3 Bg7 5.Bg2 d6 6.d4 cxd4 7.Nxd4 O-O 8.O-O Qc7
9.b3 Nc6 10.e3 a6 11.Bb2 Bd7 12.Nde2 Rab8 13.Rc1 Qa5 14.a4 Rfc8 15.Nf4 Nb4
16.Ba3 Kf8 17.Bxb4 Qxb4 18.Ncd5 Nxd5 19.Nxd5 Qa3 20.Nb6 Rc7 21.c5 Bc6 22.cxd6 Qxd6
23.Qxd6 exd6 24.Rfd1 Bb2 25.Rc2 Ba3 26.Nd5 Rcc8 27.Nb6 Rc7 28.Nd5  1/2-1/2

[Event "Keres Mem Rapid w"]
[Site "Tallinn EST"]
[Date "2002.01.05"]
[Round "3"]
[White "Reizniece,D"]
[Black "Tsiganova,M"]
[Result "1-0"]
[WhiteElo "2282"]
[BlackElo "2249"]

1.c4 Nf6 2.Nc3 c5 3.Nf3 e6 4.g3 b6 5.Bg2 Bb7 6.O-O Be7 7.d4 cxd4 8.Qxd4 d6
9.b3 a6 10.Bb2 O-O 11.e4 Nbd7 12.Qe3 Qc7 13.Nd4 Rfe8 14.Rfe1 Rac8 15.h3 Qb8
16.Rad1 Qa8 17.f4 Bf8 18.Re2 h6 19.Kh2 g6 20.e5 dxe5 21.fxe5 Nh7 22.Bxb7 Qxb7
23.Ne4 Nxe5 24.Nf3 Nxf3+ 25.Qxf3 Qe7 26.Nd6 Rcd8 27.Red2 Ng5 28.Qe3 e5 29.Nxe8 Rxe8
30.h4 Nh7 31.Rd7 Qe6 32.Rd8 Nf6 33.Qf3 Ng4+ 34.Kg2 h5 35.Rxe8 Qxe8 36.Qe4 Bc5
37.Re1 Qe6 38.Bxe5 b5 39.Bf4 Qf6 40.cxb5 axb5 41.Qe8+ Kh7 42.Qxb5 Qd4 43.Qe2 Qf6
44.Qf3 Qb2+ 45.Re2 Qa1 46.Qf1 Qd4 47.Re1 Qd5+ 48.Qf3 Qd4 49.Bg5 f6 50.Bf4 Qd7
51.Qe4 f5 52.Qf3 Nf6 53.Rd1 Qe7 54.Qd3 Qb7+ 55.Qf3 Ne4 56.a4 Kg7 57.Be5+ Kf7  1-0

[Event "Troll Masters"]
[Site "Gausdal NOR"]
[Date "2002.01.08"]
[Round "6"]
[White "Rausis,I"]
[Black "Womacka,M"]
[Result "1-0"]
[WhiteElo "2466"]
[BlackElo "2499"]

1.Nf3 c5 2.c4 Nf6 3.Nc3 e6 4.g3 b6 5.Bg2 Bb7 6.O-O Be7 7.Re1 Ne4 8.Nxe4 Bxe4
9.d3 Bb7 10.e4 Nc6 11.d4 cxd4 12.Nxd4 Nxd4 13.Qxd4 O-O 14.Bf4 d6 15.Qd3 Qc7
16.Rad1 Rfd8 17.b3 Bc6 18.b4 e5 19.Bd2 Bd7 20.Rc1 Be6 21.Bf1 a6 22.Rb1 Rdb8
23.Rec1 Qd8 24.a4 a5 25.bxa5 bxa5 26.Rb5 Bd7 27.Qd5 Be6 28.Bxa5 Bxd5 29.Bxd8 Rxd8
30.cxd5 Rxa4 31.Rc7 Bf8 32.Rbb7 Rxe4 33.Rxf7 Rd4 34.Kg2 Kh8 35.Rf5 h6 36.Be2 Rc8
37.Bf3 Rdc4 38.Bh5 Rd8 39.Bf7 Rcc8  1-0

[Event "XXVII Open"]
[Site "Seville ESP"]
[Date "2002.01.16"]
[Round "6"]
[White "Cifuentes Parada,R"]
[Black "Spraggett,K"]
[Result "1-0"]
[WhiteElo "2521"]
[BlackElo "2541"]

1.Nf3 Nf6 2.c4 c5 3.Nc3 e6 4.g3 a6 5.Bg2 Qc7 6.O-O d6 7.b3 Be7 8.Bb2 O-O
9.d4 cxd4 10.Nxd4 Nc6 11.Rc1 Nxd4 12.Qxd4 Bd7 13.Rfd1 Rfd8 14.h3 Be8 15.e4 Rac8
16.a4 Bf8 17.Ba3 Qb8 18.a5 Bc6 19.Rd2 h6 20.Rcd1 Be7 21.Qe3 Qc7 22.Bb4 Ne8
23.Qb6 Rd7 24.e5 Bxg2 25.Kxg2 d5 26.Qxc7 Rdxc7 27.Bxe7 Rxe7 28.Na4 dxc4 29.Nb6 Rc5
30.Nxc4 f6 31.f4 fxe5 32.fxe5 Kh7 33.Rd7 Rxd7 34.Rxd7 Nc7 35.Kf3 h5 36.Ke4 Kh6
37.h4 g5 38.Rf7 gxh4 39.gxh4 Kg6 40.Re7 Rc6 41.Nd6 Rc1 42.Nc4 Re1+ 43.Kf3 Rf1+
44.Ke4 Re1+ 45.Kd4 Nb5+ 46.Kc5  1-0

[Event "150 SJ Rio Preto"]
[Site "Sao Paulo BRA"]
[Date "2002.01.18"]
[Round "2"]
[White "Molina,Jo"]
[Black "Borges,L"]
[Result "1/2-1/2"]
[WhiteElo "2261"]
[BlackElo "2234"]

1.Nf3 Nf6 2.c4 c5 3.Nc3 g6 4.g3 Bg7 5.Bg2 O-O 6.O-O Nc6 7.d4 cxd4 8.Nxd4 a6
9.c5 Qc7 10.Nb3 h6 11.e4 d6 12.cxd6 exd6 13.Bf4 Ne5 14.Rc1 Qe7 15.h3 Be6
16.Re1  1/2-1/2

[Event "90th LSK Metalka Trgovina"]
[Site "Ljubljana SLO"]
[Date "2002.01.19"]
[Round "1"]
[White "Polajzer,D"]
[Black "Nisipeanu,LD"]
[Result "0-1"]
[WhiteElo "2421"]
[BlackElo "2608"]

1.Nf3 Nf6 2.c4 e6 3.Nc3 c5 4.g3 b6 5.Bg2 Bb7 6.O-O Be7 7.d4 cxd4 8.Qxd4 d6
9.Rd1 a6 10.Bg5 Nbd7 11.Nd2 Bxg2 12.Kxg2 Rc8 13.Nde4 Rc6 14.Nxf6+ Bxf6 15.Bxf6 Nxf6
16.Ne4 Nxe4 17.Qxe4 Qc7 18.a4 O-O 19.b3 h6 20.Rd4 Rb8 21.f3 b5 22.axb5 axb5
23.Qd3 bxc4 24.bxc4 Rcb6 25.Rd1 Rb3 26.Qe4 R8b6 27.Qa8+ Kh7 28.Qf8 Rb2 29.Kf1 Ra6
30.Re4  0-1

[Event "150 SJ Rio Preto"]
[Site "Sao Paulo BRA"]
[Date "2002.01.19"]
[Round "3"]
[White "Peralta,F"]
[Black "Sega,C"]
[Result "1-0"]
[WhiteElo "2490"]
[BlackElo "2291"]

1.Nf3 Nf6 2.c4 e6 3.Nc3 c5 4.e3 Be7 5.d4 cxd4 6.exd4 O-O 7.Bd3 d5 8.O-O Nc6
9.a3 b6 10.cxd5 exd5 11.Ne5 Nxd4 12.Bxh7+ Nxh7 13.Qxd4 Bb7 14.Bf4 Bc5 15.Qd3 d4
16.Ne4 Qd5 17.f3 a5 18.Rfe1 Ba6 19.Qd2 a4 20.Nd3 Rfc8 21.Rac1 Bxd3 22.Qxd3 Bf8
23.Red1 f5 24.Nf2 g5 25.Rxc8 Rxc8 26.Be3 Bg7 27.Bxd4 Bxd4 28.Qxd4 Qxd4 29.Rxd4 Rc2
30.h4 Rxb2 31.Rxa4 Kg7 32.Nh3 gxh4 33.Rxh4 Nf6 34.Rd4 b5 35.Nf4 Ra2 36.Rb4 Kh6
37.Rxb5 Kg5 38.Ne6+ Kg6 39.Ra5 Nh5 40.Kh2 Ra1 41.Ra6 Kf7 42.Nd4 f4 43.Nf5 Nf6
44.Nd6+ Kg6  1-0

[Event "XXVII Open"]
[Site "Seville ESP"]
[Date "2002.01.19"]
[Round "9"]
[White "Camacho Calle,P"]
[Black "Estremera Panos,S"]
[Result "0-1"]
[WhiteElo "2195"]
[BlackElo "2385"]

1.Nf3 c5 2.c4 Nf6 3.Nc3 b6 4.d4 cxd4 5.Nxd4 Bb7 6.f3 e6 7.e4 d6 8.Be3 a6
9.Rc1 Nbd7 10.Be2 Be7 11.O-O O-O 12.Qd2 Rc8 13.Rfd1 Qc7 14.Bf1 Rfe8 15.Nc2 Qb8
16.Qf2 Ne5 17.Na3 d5 18.Bxb6 dxe4 19.f4 Neg4 20.Qg3 Ba8 21.c5 Rxc5 22.Na4 Rxc1
23.Rxc1 Bd6  0-1

[Event "18th Open"]
[Site "Skopje MKD"]
[Date "2002.01.19"]
[Round "5"]
[White "Bojkovic,N"]
[Black "Popov,Ve"]
[Result "1-0"]
[WhiteElo "2427"]
[BlackElo "2297"]

1.c4 c5 2.Nf3 Nf6 3.Nc3 g6 4.e4 Bg7 5.d4 cxd4 6.Nxd4 d6 7.Be2 O-O 8.O-O Nc6
9.Be3 Bd7 10.Qd2 Rc8 11.f3 a6 12.Rfd1 Qc7 13.Rac1 Qb8 14.Nxc6 Bxc6 15.a4 Nd7
16.b4 Bxc3 17.Rxc3 Bxa4 18.Ra1 b5 19.c5 Rfd8 20.c6 Ne5 21.Qc1 Qa8 22.c7 Re8
23.f4 Nd7 24.Bf3 Qb7 25.e5 d5 26.e6 Nf6 27.Bd4 Ne4 28.Bxe4 dxe4 29.exf7+ Kxf7
30.Rc5 Bb3 31.f5 Rg8 32.Qf4 gxf5 33.Qxf5+ Ke8 34.Be3 Rxc7 35.Rxc7 Qxc7 36.Rxa6 Qd8
37.Qxb5+ Kf8 38.Qf5+ Ke8 39.Ra1 Rg6 40.b5 Be6 41.Qc5 Qd5 42.Qxd5 Bxd5 43.b6 Rd6
44.Kf2 Rd7 45.Kg3 Kf7 46.Kf4 Kf6 47.Bd4+ Ke6 48.Ke3 Bb7 49.g4 Kd5 50.h4 Kc4
51.Rc1+ Kd5 52.g5 Ke6 53.Rf1 Rd8 54.h5 Ra8 55.g6 hxg6 56.hxg6 Ra3+ 57.Kf4 Bd5
58.g7 Kd6 59.Rd1 Rf3+ 60.Kg4 Rd3 61.b7 Kc7 62.Rb1 Rb3 63.Rc1+ Kxb7 64.Rc5 Bg8
65.Kf4 Bh7 66.Rh5 Rf3+ 67.Ke5 Bg8 68.Kxe4 Rg3 69.Rc5 Bh7+ 70.Kf4 Rd3 71.Be5 Bg8
72.Rb5+ Kc6 73.Rb8 Ba2 74.Ra8 Bf7 75.Rf8 Be6 76.g8=Q Bxg8 77.Rxg8 Kd7 78.Ke4 Rd1
79.Rg6 Rd2 80.Bd4 Rh2 81.Ra6 Rh4+ 82.Kd5 Rh5+ 83.Be5 Rg5 84.Ra8 Rh5 85.Rb8 Rg5
86.Rb7+ Ke8 87.Ke6 Rg6+ 88.Kf5 Ra6 89.Bd4 Rh6 90.Rc7 Kf7 91.Rc1 Rh5+ 92.Ke4 Rh6
93.Re1 Ra6 94.Kf5 Ra5+ 95.Be5 Ra2 96.Rh1 Rf2+ 97.Bf4 Ra2 98.Rh7+ Ke8 99.Rh8+ Kf7
100.Rb8 Ra5+ 101.Be5 Ra4 102.Rb7 Ra5 103.Ke4 Ke6 104.Bc3 Rh5 105.Bb4 Rh4+
106.Kd3 Rh3+ 107.Kc4 Rh4+ 108.Kb5 Rh5+ 109.Kc6 Rh7 110.Rd7 Rg7 111.Rd1 Rg5
112.Bc3 Rg3 113.Re1+ Kf7 114.Bb4 Rg6+ 115.Kd7 e6 116.Bc3 Rg5 117.Be5 Rf5
118.Kd6 Rf3 119.Re4 Rf5 120.Rg4 Rf2 121.Rg7+ Kf8 122.Kxe6 Ra2 123.Rg4 Re2
124.Rg1 Re3 125.Rh1  1-0

[Event "150 SJ Rio Preto"]
[Site "Sao Paulo BRA"]
[Date "2002.01.20"]
[Round "4"]
[White "Peralta,F"]
[Black "Borges,L"]
[Result "1-0"]
[WhiteElo "2490"]
[BlackElo "2234"]

1.Nf3 Nf6 2.c4 c5 3.Nc3 b6 4.e4 Nc6 5.d4 cxd4 6.Nxd4 Bb7 7.Nc2 g6 8.Be2 Bg7
9.O-O O-O 10.Bg5 Rc8 11.f3 d6 12.Qd2 Ne5 13.b3 a6 14.a4 Qc7 15.Rad1 Rfe8
16.Kh1 Ned7 17.Nb4 a5 18.Nb5 Qb8 19.Na2 Nc5 20.Rb1 Nfd7 21.Bd1 Ne6 22.Be3 Bc6
23.Nac3 Nec5 24.Bc2 Qa8 25.Rbd1 Nf6 26.Rfe1 Bb7 27.Nd5 Bxd5 28.exd5 Qb7 29.Bg5 Ncd7
30.Re2 Nf8 31.Rde1 Qd7 32.Be3 Rb8 33.Bd4 Nh5 34.Bf2 Be5 35.g3 Qh3 36.Kg1 Red8
37.Na7 Nd7 38.Nc6 Re8 39.f4 Bf6 40.Nxb8 Rxb8 41.Qe3 Nc5 42.Qf3 g5 43.fxg5 Bxg5
44.Bf5  1-0

[Event "18th Open"]
[Site "Skopje MKD"]
[Date "2002.01.21"]
[Round "7"]
[White "Bojkovic,N"]
[Black "Rogozenko,D"]
[Result "1-0"]
[WhiteElo "2427"]
[BlackElo "2530"]

1.c4 Nf6 2.Nc3 c5 3.Nf3 e6 4.d4 cxd4 5.Nxd4 Bb4 6.Bd2 Nc6 7.e3 O-O 8.Be2 d5
9.Nc2 dxc4 10.Nxb4 Nxb4 11.Bxc4 Nd3+ 12.Bxd3 Qxd3 13.Qe2 Qc2 14.b3 Rd8 15.Rc1 Qg6
16.O-O e5 17.f3 b5 18.Nxb5 Ba6 19.a4 e4 20.Ba5 Rd5 21.f4 Rh5 22.Bc3 Ng4 23.h3 Nh6
24.Kh2 Bc8 25.f5 Bxf5 26.Rf4 Ng4+ 27.Kg1 Nh6 28.Kh2 Bg4 29.Qf1 Be6 30.Nc7 Ng4+
31.Rxg4 Bxg4 32.Nxa8 h6 33.Qf4 Be6 34.Nc7 Bxb3 35.Ne8 Rf5 36.Qd6 f6 37.Qb8 Kh7
38.Nxf6+ gxf6 39.Qxb3 Rf2 40.Qb7+ Kg8 41.Qb8+ Kf7 42.Qxa7+ Ke8 43.Qb8+ Kf7
44.Qc7+  1-0

[Event "GMA"]
[Site "Bermuda BER"]
[Date "2002.01.22"]
[Round "2"]
[White "Johannessen,LE"]
[Black "Vuckovic,Bo"]
[Result "0-1"]
[WhiteElo "2427"]
[BlackElo "2455"]

1.Nf3 c5 2.c4 Nf6 3.Nc3 e6 4.g3 b6 5.Bg2 Bb7 6.O-O Be7 7.Re1 d6 8.e4 Nbd7
9.d4 cxd4 10.Nxd4 Qc7 11.Be3 Rc8 12.f4 Qb8 13.b3 a6 14.Rc1 O-O 15.g4 Nc5
16.Bf2 Qa8 17.Qe2 g6 18.f5 exf5 19.gxf5 Rfe8 20.b4 Ncd7 21.Nd5 Bf8 22.Qf3 Nxe4
23.Be3 Bxd5 24.cxd5 Rxc1 25.Bxc1 Nef6 26.Rf1 Re4 27.Nc6 Qe8 28.Bd2 Re2 29.Qd3 Ng4
30.Bf3 Rxd2 31.Qxd2 Bh6 32.Re1 Nde5 33.Rxe5 Nxe5 34.Qxh6 Nxf3+ 35.Kf2 Ne5
36.Kg3 Nxc6 37.f6 Qe5+ 38.Kg4 Qf5+ 39.Kg3 Qxf6  0-1

[Event "Kaissa Open"]
[Site "Kharkov UKR"]
[Date "2002.01.23"]
[Round "2"]
[White "Nester,I"]
[Black "Gavrish,L"]
[Result "1-0"]
[WhiteElo "2293"]
[BlackElo "2030"]

1.Nf3 Nf6 2.c4 c5 3.Nc3 g6 4.d4 cxd4 5.Nxd4 Nc6 6.g3 Bg7 7.Bg2 O-O 8.O-O Ng4
9.Nc2 d6 10.Bd2 Be6 11.b3 Rc8 12.h3 Nf6 13.Ne3 Qd7 14.Kh2 h5 15.Rc1 Nd4 16.Ned5 Bxd5
17.Nxd5 Nxd5 18.Bxd5 a6 19.Be3 Nc6 20.Qd2 e6 21.Bg2 b5 22.Rfd1 bxc4 23.bxc4 Ne5
24.Qb4 Rfd8 25.Bg5 f6 26.Be3 Bf8 27.f4 d5 28.Qb1 Nxc4 29.Qxg6+ Qg7 30.Qxg7+ Bxg7
31.Bd4 e5 32.fxe5 fxe5 33.Ba1 d4 34.Bb7 Ne3 35.Rxc8 Rxc8 36.Bxc8 Nxd1 37.Bxa6  1-0

[Event "Unilog-Integrata IM"]
[Site "Griesheim GER"]
[Date "2002.01.26"]
[Round "4"]
[White "Schnitzspan,L"]
[Black "Wornath,K"]
[Result "0-1"]
[WhiteElo "2341"]
[BlackElo "2375"]

1.c4 Nf6 2.Nc3 c5 3.Nf3 b6 4.g3 Bb7 5.Bg2 e6 6.O-O Be7 7.Re1 O-O 8.e4 d6
9.d4 cxd4 10.Nxd4 Qd7 11.b3 Nc6 12.Ba3 Rad8 13.Bh3 Nxd4 14.Qxd4 e5  0-1

[Event "TCh-ISR"]
[Site "ISR"]
[Date "2002.01.26"]
[Round "3"]
[White "Greenfeld,A"]
[Black "Postny,E"]
[Result "1-0"]
[WhiteElo "2574"]
[BlackElo "2491"]

1.c4 Nf6 2.Nc3 c5 3.Nf3 e6 4.g3 b6 5.Bg2 Bb7 6.O-O Be7 7.Re1 d5 8.cxd5 Nxd5
9.e4 Nxc3 10.bxc3 O-O 11.d4 Nc6 12.d5 Na5 13.Bf4 exd5 14.exd5 Bd6 15.Ne5 Qc7
16.Qh5 Rae8 17.Nxf7 Rxe1+ 18.Rxe1 Bxf4 19.Be4 Bh6 20.Qf5 Bc8 21.Qxh7+ Kxf7
22.Bg6+ Kf6 23.Bc2 Kf7 24.Qg6+ Kg8 25.d6 Qd7 26.Qh7+ Kf7 27.Re7+ Qxe7 28.Qg6+ Kg8
29.dxe7  1-0

[Event "Torneo A"]
[Site "Montecatini Terme ITA"]
[Date "2002.01.26"]
[Round "1"]
[White "Scalcione,M"]
[Black "Djuric,S"]
[Result "0-1"]
[WhiteElo "2329"]
[BlackElo "2487"]

1.Nf3 Nf6 2.c4 c5 3.Nc3 b6 4.g3 Bb7 5.Bg2 g6 6.O-O Bg7 7.Re1 d5 8.cxd5 Nxd5
9.Qb3 O-O 10.d3 e6 11.Bg5 Qd7 12.Rad1 h6 13.Bc1 Nc6 14.a3 Na5 15.Qc2 Nxc3
16.bxc3 Bc6 17.d4 cxd4 18.Rxd4 Qb7 19.Rh4 h5 20.Bh3 Bxf3 21.exf3 Qxf3 22.Be3 Rac8
23.Bg2 Qf5 24.Be4 Qf6 25.Bd4 e5 26.Be3 Rfd8 27.Bc1 Rd7 28.Re3 Qe6 29.Rf3 Qb3
30.Bxg6 Rd1+ 31.Kg2 Qxc2 32.Bxf7+ Kh8 33.Rxh5+ Qh7 34.Rxh7+ Kxh7 35.Be3 Nc4
36.Bg5 Nd6 37.Bb3 e4 38.Rf4 Rb1 39.Be6 Re8 40.Bd7 Re5 41.Rh4+ Kg8 42.Bf4 e3
43.fxe3 Nf5 44.Rh3 Nxe3+ 45.Kf3 Re7 46.Bc6 Rc1 47.Be4 Rf1+ 48.Kxe3 Re1+  0-1